000 01500cam a22003977a 4500
003 CHAP
005 20220329135305.0
008 971013s1994 r 00010 d
010 _a33858
011 _a34830
035 _a38946
040 _cCHAP
082 _a331.763
_bZ8
100 0 0 _aZuloaga Albarrán, Alberto.
_9124281
245 0 _aEfectos de las reformas jurídicas y económicas sobre el empleo en el sector agropecuario
260 _aMéxico, D. F. :
_bSecretaría del Trabajo y Previsión Social,
_c1994
300 _a199 p.
410 2 1 _aSecretaría del Trabajo y Previsión Social
490 0 _aCuadernos del trabajo
_v; 7
590 _aBATCH-UPD
_b10
_c20130110
_lUCH01
_h0047
590 _aBATCH-UPD
_b10
_c20130110
_lUCH01
_h1650
590 _aBATCH-UPD
_b10
_c20130409
_lUCH01
_h2033
590 _aBATCH-UPD
_b10
_c20130410
_lUCH01
_h1040
590 _aBATCH-UPD
_b10
_c20130914
_lUCH01
_h0318
590 _aCONVERSION
_b10
_c20130109
_lUCH01
_h1319
650 1 4 _aAgricultura
_xLeyes
_xMéxico.
_91726
650 1 4 _aAgricultura
_xTrabajadores
_xMexico.
_91867
650 1 4 _aEmpleo
_zMéxico.
_936587
810 0 0 _aSecretaría del Trabajo y Previsión Social
_9103553
830 0 0 _aCuadernos del trabajo
_v; 7
_929853
901 _aBK
942 _cLIBRO
949 _a331.763 Z8
_bBC
_cC
_d33724000530556
_eC
_fc.2
_h88375
_i38946
_mD
_si
949 _a331.763 Z8
_bBC
_cC
_d33724000847133
_eC
_fc.3
_gDonaciØn
_h102075
_i38946
_sb
949 _a331.763 Z8
_bBC
_cC
_d33724000894275
_eC
_h87842
_i38946
_si
999 _c33858
_d33858